The survey of important disease on suckling piglet in nhoeb savat farm in kien svay district, kandal province; ការអង្កេតជំងឺសំខាន់ៗលើកូនជ្រូកមិនទាន់ផ្ដាច់ដោះនៅកសិដ្ឋាន ញឹុម សាវ៉ាត ស្រុកគៀនស្វាយ ខេត្តកណ្ដាល (Record no. 10913)
[ view plain ]
| 000 -LEADER | |
|---|---|
| fixed length control field | 00767nam a22001577a 4500 |
| 003 - CONTROL NUMBER IDENTIFIER | |
| control field | OSt |
| 005 - DATE AND TIME OF LATEST TRANSACTION | |
| control field | 20161125104036.0 |
| 008 - FIXED-LENGTH DATA ELEMENTS--GENERAL INFORMATION | |
| fixed length control field | 161125b xxu||||| |||| 00| 0 eng d |
| 040 ## - CATALOGING SOURCE | |
| Transcribing agency | RUA |
| 082 ## - DEWEY DECIMAL CLASSIFICATION NUMBER | |
| Classification number | VEM KOM 2015 B533 Or.1 |
| 100 ## - MAIN ENTRY--PERSONAL NAME | |
| 9 (RLIN) | 11350 |
| Personal name | KOM TONH; គុំ តុញ |
| 245 ## - TITLE STATEMENT | |
| Title | The survey of important disease on suckling piglet in nhoeb savat farm in kien svay district, kandal province; ការអង្កេតជំងឺសំខាន់ៗលើកូនជ្រូកមិនទាន់ផ្ដាច់ដោះនៅកសិដ្ឋាន ញឹុម សាវ៉ាត ស្រុកគៀនស្វាយ ខេត្តកណ្ដាល |
| 260 ## - PUBLICATION, DISTRIBUTION, ETC. (IMPRINT) | |
| Place of publication, distribution, etc. | PHNOM PENH |
| Name of publisher, distributor, etc. | KOM |
| Date of publication, distribution, etc. | 2015 |
| 300 ## - PHYSICAL DESCRIPTION | |
| Extent | ix;34p. |
| Other physical details | ill. |
| Dimensions | 29cm. |
| 942 ## - ADDED ENTRY ELEMENTS (KOHA) | |
| Source of classification or shelving scheme | |
| Koha item type | VEM |
| Price effective from | Date last seen | Permanent Location | Not for loan | Date acquired | Source of classification or shelving scheme | Koha item type | Lost status | Withdrawn status | Date last checked out | Total Checkouts | Shelving location | Damaged status | Barcode | Current Location | Full call number |
|---|---|---|---|---|---|---|---|---|---|---|---|---|---|---|---|
| 2016-11-25 | 2016-11-25 | Library Block B | 2016-11-25 | VEM | B533 | A03737 | Library Block B | VEM KOM 2015 B533 Or.1 | |||||||
| 2016-11-25 | 2016-11-25 | Library Block B | 2016-11-25 | VEM | B533 | A03812 | Library Block B | VEM KOM 2015 B533 Or.2 | |||||||
| 2016-11-25 | 2016-11-25 | Library Block B | 2016-11-25 | VEM | B533 | A04031 | Library Block B | VEM KOM 2015 B533 Or.3 | |||||||
| 2016-11-25 | 2016-11-25 | Library Block B | 2016-11-25 | VEM | B533 | A03881 | Library Block B | VEM KOM 2015 B533 Or.4 | |||||||
| 2016-11-25 | 2016-11-25 | Library Block B | 2016-11-25 | VEM | B533 | A04050 | Library Block B | VEM KOM 2015 B533 Or.5 | |||||||
| 2016-11-25 | 2016-11-25 | Library Block B | 2016-11-25 | VEM | B533 | A03650 | Library Block B | VEM KOM 2015 B533 Or.6 | |||||||
| 2016-11-25 | 2017-08-04 | Library Block B | 2016-11-25 | VEM | 2017-02-08 | 1 | B533 | A03735 | Library Block B | VEM KOM 2015 B533 Or.7 | |||||
| 2016-11-25 | 2016-11-25 | Library Block B | 2016-11-25 | VEM | B533 | A03950 | Library Block B | VEM KOM 2015 B533 Or.8 |